000 00657nam a2200253Ia 4500
003 OSt
005 20221007101628.0
006 a|||||r|||| 00| 0
007 ta
008 221006b |||||||| |||| 00| 0 eng d
024 _a6,815
037 _cTextual
040 _aLCO
_cLCO
_beng
041 _2eng
_aeng
082 _aV2,3:(Z), L2
100 _aKAUL M N
245 0 _aPractice & Procedure of Parliament.
260 _aDelhi
_bMetropolitan Book Co.
_c1972
300 _a962
650 _aPARLIAMENT
_9589871
700 _a SHAKDHER S L
942 _hV2,3:(Z), L2
_cTEXL
999 _c1176378
_d1176378